LEADER 02378nam 2200637Ia 450 001 9910451272103321 005 20200520144314.0 010 $a1-281-91953-5 010 $a9786611919535 010 $a981-277-454-8 035 $a(CKB)1000000000410392 035 $a(StDuBDS)AH24684528 035 $a(SSID)ssj0000152097 035 $a(PQKBManifestationID)11144728 035 $a(PQKBTitleCode)TC0000152097 035 $a(PQKBWorkID)10339147 035 $a(PQKB)10699616 035 $a(MiAaPQ)EBC1681235 035 $a(WSP)00005984 035 $a(Au-PeEL)EBL1681235 035 $a(CaPaEBR)ebr10201364 035 $a(CaONFJC)MIL191953 035 $a(OCoLC)815750026 035 $a(EXLCZ)991000000000410392 100 $a20070416d2007 uy 0 101 0 $aeng 135 $aur||||||||||| 181 $ctxt 182 $cc 183 $acr 200 10$aExperiments and demonstrations in physics$b[electronic resource] /$fYaakov Kraftmakher 205 $aNew Ed. 210 $aHackensack, N.J. $cWorld Scientific$dc2007 215 $a1 online resource (544p.) 225 1 $aBar-Ilan physics laboratory 300 $aBibliographic Level Mode of Issuance: Monograph 311 $a981-270-538-4 311 $a981-256-602-3 320 $aIncludes bibliographical references and index. 327 $aIntroductory Experiments; Mechanics and Molecular Physics; Electricity and Magnetism; Optics and Atomic Physics; Condensed Matter Physics; Nobel Prize Experiments; Student Projects. 330 $aA laboratory manual for high schools, colleges, and universities, it contains more than 80 experiments and lecture demonstrations. It also covers the essentials of general physics such as: mechanics and molecular physics, electricity and magnetism, optics and atomic physics, and condensed matter physics. 410 0$aBar-Ilan physics laboratory. 606 $aPhysics$xExperiments 606 $aPhysics$xComputer-assisted instruction 608 $aElectronic books. 615 0$aPhysics$xExperiments. 615 0$aPhysics$xComputer-assisted instruction. 676 $a530.078 700 $aKraftmakher$b I?A. A$0626558 801 0$bMiAaPQ 801 1$bMiAaPQ 801 2$bMiAaPQ 906 $aBOOK 912 $a9910451272103321 996 $aExperiments and demonstrations in physics$91214866 997 $aUNINA LEADER 01504nas# 22002891i 450 001 UON00014728 005 20231205101949.47 100 $a20020107b1979 |0itac50 ba 101 $aind 102 $aID 105 $a|||| 1|||| 110 $aaM||||||||| 200 1 $aAnalisa$fCentre for Strategic and International Studues 210 $aJakarta$cCentre for Strategic and International Studies v. ; 24 cm Mensile 215 $aDescrizione basata su: anno 1979 n.10 440 1$1001UON00395666$12001 $aAnalisis CSIS$1205 $a[Jakarta] : Centre for Strategic and International Studies$1207 $av. ; 26 cm$1210 $aBimestrale$1215 $aDescrizione basata su: vol. 34(2005) n. 2 giugno. 620 $aID$dJakarta$3UONL000164 686 $aID$cINDONESIA - PERIODICI$2A 686 $aDONO$cPERIODICI - DONO$2A 686 $aPERIODICI NON ATTIVI$cPERIODICI - NON ATTIVI$2A 712 02$aCentre for Strategic and International Studies$cJakarta$3UONV010969 801 $aIT$bSOL$c20240220$gRICA 899 $aSIBA - SISTEMA BIBLIOTECARIO DI ATENEO$2UONSI$47(1979) *8,9* 10(1981)*1*$cPer Misc 96 GEOGRAFIA 6°PIANO ; 912 $aUON00014728 950 $aSIBA - SISTEMA BIBLIOTECARIO DI ATENEO$bSI 7(1979) *8,9* 10(1981)*1*$dSI A Per Misc 96 1979 $eSI SA 26665 7 1979 $dSI A Per Misc 96 1981 $eSI SA 28075 7 1981 996 $aAnalisa$91321666 997 $aUNIOR